| 000 | 00802nam0a22002651 4500 | ||
|---|---|---|---|
| 001 | RU\INFOCOMM_322\NLR\5000251752 | ||
| 005 | 20250614080215.0 | ||
| 035 | _a(NLR Aleph) 010596530 | ||
| 090 |
_a10521891 _c10521891 |
||
| 100 | _a20130321d1964 |||y0rusy50 ca | ||
| 101 | 0 | _afre | |
| 102 | _aRU | ||
| 105 | _ay z|||| | ||
| 200 | 1 |
_aPlatyphylline _eDonnées cliniques complémentaires _fV/O "Medexport", Moscou |
|
| 210 |
_a[Москва] _cВнешторгиздат _d[1964] |
||
| 215 |
_a35 с. _d22 см |
||
| 309 | _aОтпеч. множит. аппаратом | ||
| 686 |
_aМе15-300 _2rubbk |
||
| 686 |
_aМс7-76 _2rubbk |
||
| 712 | 0 | 2 |
_a"Medexport", v/o _4570 |
| 801 | 1 |
_aRU _bInfocomm _c20130321 |
|
| 801 | 0 |
_aRU _bINFOCOMM _gPSBO |
|
| 852 |
_aNLR _jМд21 Г-6/71 |
||
| 942 | _cBOOK | ||
| 980 | _aNB | ||